[Event "Frankfurt-ch"]
[Site "Frankfurt"]
[Date "2009.05.04"]
[Round "2"]
[White "Khalimov, Khayot"]
[Black "Herwig Paeutz, Martin"]
[Result "1-0"]
[WhiteElo "1758"]
[BlackElo "1506"]
[PlyCount "111"]
[EventDate "2009.04.27"]
[EventType "tourn"]
[EventRounds "7"]
[EventCountry "GER"]
[SourceTitle "EXT 2010"]
[Source "ChessBase"]
[SourceDate "2010.11.25"]
[SourceVersion "1"]
[SourceVersionDate "2010.11.25"]
[SourceQuality "1"]

1. e4 c5 2. Nf3 Nc6 3. d3 e5 4. g3 d6 5. Bg2 Bg4 6. 0-0 Nf6 7. h3 Bh5 8. Re1 Qd7 9. Nbd2 Be7 10. c3 h6 11. Nf1 g5 12. Ne3 0-0-0 13. Qa4 Kb8 14. Nh2 g4 15. hxg4 Bxg4 16. Nhxg4 Nxg4 17. Bh3 h5 18. f3 Nd4 19. Qxd7 Nxf3+ 20. Kf1 Rxd7 21. Re2 Nxe3+ 22. Bxe3 Rdd8 23. Rf2 Ng5 24. Bxg5 Bxg5 25. Rxf7 Rdf8 26. Rxf8+ Rxf8+ 27. Ke2 Kc7 28. Bf5 b5 29. Kf3 Kd8 30. Rh1 Rh8 31. Bg6 h4 32. Kg4 Be7 33. gxh4 Bf8 34. Rf1 Be7 35. h5 Bf8 36. Rf7 Be7 37. Kf5 Kd7 38. Bh7 c4 39. dxc4 bxc4 40. Kg6 Rb8 41. Rf2 Rb6 42. Kg7 a5 43. Bg8 a4 44. Bxc4 a3 45. b3 Rb7 46. h6 Kd8 47. Rf7 Ke8 48. h7 Bf8+ 49. Kg8 Rxf7 50. Bxf7+ Ke7 51. h8Q d5 52. Qxe5+ Kd7 53. Kxf8 dxe4 54. Be8+ Kc8 55. Qe7 Kb8 56. Bc6 1-0